Super Smash Bros. Fighters #50 - The Greninja Quiz - Statistics

General Stats
  • This quiz has been taken 241 times
  • The average score is 12 of 15
Answer Stats
Hint Answer % Correct
What type is Greninja? Water
96%
What special type of temporary evolution was discovered in the Kalos region? {Mega} Evolution
93%
In the anime, Greninja can fuse with who to become stronger? Ash
90%
What type is Greninja? Dark
90%
What Pokémon does Greninja evolve from? Frogadier
88%
What Pokémon does Greninja evolve from? Froakie
87%
Name the two other starter Pokémon you can choose at the beginning of your journey. Chespin
82%
Name the two other starter Pokémon you can choose at the beginning of your journey. Fennekin
81%
What country is the Kalos region largely based on? France
79%
You can obtain this form by playing the demo of what games? Pokémon {Sun} or {Moon}
77%
What is the name of the evil organization run by Lysandre? Team {Flare}
75%
Who is the professor of the Kalos region? Sycamore
72%
Who is the champion of the Kalos region? Diantha
65%
Greninja was revealed to be in Smash in the same trailer as what fighter? Charizard
64%
The Kalos Pokédex is split up into 3 seperate areas. Name one of them. Central, Coastal, Mountain
51%
No matching quizzes found
Score Distribution
Percent of People with Each Score
Percentile by Number Answered
Your Score History
You have not taken this quiz